Score 0/18 Timer 02:00
0 Plays Today
Hint 4-Letter Word % Correct
Algebra or geometry, e.g.MATH
94.7%
Valentine flowerROSE
94%
Money paid to a taxi driverFARE
93%
Insect attracted to lightMOTH
92.7%
Garden watering tubeHOSE
92.1%
End of a chess gameMATE
90.5%
'Catching ___' by Suzanne CollinsFIRE
86.6%
Opposite of a winLOSS
85.2%
'Divergent' by Veronica ___ROTH
78.9%
Hint 4-Letter Word % Correct
J.J. Abrams TV ShowLOST
78%
'The ___' by Stephenie MeyerHOST
77.2%
Method of memorizationROTE
75%
A crazy person or a birdLOON
70.2%
'The Giver' by ___ LowryLOIS
68.4%
A cut of meatLOIN
66.2%
'The ___ Runner' by James DashnerMAZE
55.8%
Disturb someone's composureFAZE
49.3%
'The ____ Dwellers' by David EstesMOON
45.7%

Today's Daily Dose

Remove Ads.
Support Sporcle.
Get the best of Sporcle when you Go Orange. This ad-free experience offers more features, more stats, and more fun while also helping to support Sporcle. Thank you for becoming a member.

You're not logged in!

Compare scores with friends on all Sporcle quizzes.
OR
Log In

Show Comments

Extras

Top Quizzes Today


Score Distribution

Your Account Isn't Verified!

In order to create a playlist on Sporcle, you need to verify the email address you used during registration. Go to your Sporcle Settings to finish the process.

Report this User

Report this user for behavior that violates our Community Guidelines.

Details: